| 000 | 00712nam a2200193 a 4500 | ||
|---|---|---|---|
| 001 | 000045676 | ||
| 005 | 20240305135410.0 | ||
| 008 | 111024s1982 sp a 000 f spa d | ||
| 040 |
_aDO-SdBNP _bspa _cBNPHU |
||
| 082 |
_a910.4 _bG216r |
||
| 100 | 1 |
_aGarcía Márquez, Gabriel, _b1928-2014 _d1928- _91804 |
|
| 245 | 1 | 0 |
_aRelato de un náufrago / _cGabriel García Márquez. |
| 260 |
_aBarcelona : _bTusquets editor, _c[1982]. |
||
| 300 |
_a141 p. : _bil. ; _c19 cm. |
||
| 590 | _aPerteneció a la biblioteca personal de Erick Landestoy | ||
| 600 | 1 | 4 |
_aVELASCO, LUIS ALEJANDRO _960554 |
| 650 | 4 |
_aSupervivencia después de accidentes aereos, naufragios, etc. _960555 |
|
| 650 | 4 |
_aMarinos _zColombia _xBiografía _960556 |
|
| 999 |
_c45165 _d45165 |
||